000 009980000a22002050004500
082 0 4 _aG 232.901 J55p
100 1 _aJeremias, Joachim
245 1 0 _aThe prayers of Jesus / Joachim Jeremias ; Translated by John Bowden, Christoph Burchard, John Reumann
260 _aLondon : SCM Press
300 _a124 páginas
500 _aTítulo original en alemán: Studien zur neutestamentlichen theologie und zeitgeschichte ; Das Vater-unser im lichte der neuren forschung \ Incluye índices (p. 119-124)
501 _aRústico
505 0 0 _aLas oraciones de Jesús - Oración diaria en la vida de Jesús y la iglesia primitiva - La Oración del Señor a la luz de la investigación reciente- Características del ipsissima vox Jesu
650 1 4 _aBiblia N.T. - Interpretación \ Jesucristo \ Vida de Jesús - Oración \ Iglesia Primitiva - Oración
001 19176
942 _cBK
999 _c45547
_d45547
336 _atexto
_btxt
_2rdacontent
337 _2rdamedia
_asin mediación
_bn
338 _2rdacarrier
_avolumen
_bnc